Tiền tệ, tín dụng và ngân hàng
Chức năng và nguồn gốc của tiền tệ. Cơ chế tiền tệ. Vai trò của tiền tệ kinh tế. Nghiệp vụ tín dụng. Phương pháp thực hiện các giao dịch ngoại thương. Quản lý ngân hàng thương mại. Chỉ đạo chính sách tiền tệ của ngân hàng trung ương...
Salvato in:
| Autore principale: | |
|---|---|
| Natura: | Libro |
| Lingua: | Undetermined |
| Pubblicazione: |
Hà Nội
Thống kê
1997
|
| Soggetti: | |
| Tags: |
Aggiungi Tag
Nessun Tag, puoi essere il primo ad aggiungerne! !
|
| Thư viện lưu trữ: | Trung tâm Học liệu Trường Đại học Cần Thơ |
|---|
| LEADER | 00938nam a2200205Ia 4500 | ||
|---|---|---|---|
| 001 | CTU_19457 | ||
| 008 | 210402s9999 xx 000 0 und d | ||
| 020 | |c 25000 | ||
| 082 | |a 332.1 | ||
| 082 | |b T550 | ||
| 100 | |a Lê, Văn Tư | ||
| 245 | 0 | |a Tiền tệ, tín dụng và ngân hàng | |
| 245 | 0 | |c Lê Văn Tư | |
| 260 | |a Hà Nội | ||
| 260 | |b Thống kê | ||
| 260 | |c 1997 | ||
| 520 | |a Chức năng và nguồn gốc của tiền tệ. Cơ chế tiền tệ. Vai trò của tiền tệ kinh tế. Nghiệp vụ tín dụng. Phương pháp thực hiện các giao dịch ngoại thương. Quản lý ngân hàng thương mại. Chỉ đạo chính sách tiền tệ của ngân hàng trung ương | ||
| 650 | |a Banks and banking,Credit,Money | ||
| 904 | |i Nguyễn Quang Điền, 971030 | ||
| 980 | |a Trung tâm Học liệu Trường Đại học Cần Thơ | ||